00515 2200181 4500245010400000020002200104250001100126100001700137700002600154700001900180650001900199005001900218260003800237041001400275084000800289300002700297336000900324 a99 % Lolos Toeic b : Strategi Jitu Memahami & Menyelesaikan Soal - Soal ToeiccSusi FauziahhText a978-979-799-202-6 aCet. 1 aSusi Fauziah aRani Andriani Koswara aReny Yuniawati aBahasa Inggris a20230411111919 aJakartabTransMedia Pustakac2012 aIndonesia a425 avi, 198 hlm. :c26 cm. atext